000 00857nam a2200253 a 4500
999 _c10767
_d10767
001 10767
003 BD-JhCC
005 20180908103428.0
008 180908s2011 bg a|||| |||| 000 0 ben d
020 _a9789848934074
035 _a(BD-JhCC)10767
040 _aBD-JhCC
_dBD-JhCC
041 _aben
082 _a332.642
_bKAL 2011
100 _aকালাম, মো. আবুল
245 _aশেয়ার ব্যবসার খুঁটিনাটি /
_b
_cমো. আবুল কালাম
260 _aঢাকা :
_bকালি কলম প্রকাশনা,
_c২০১১.
300 _a১৮৯ পৃ. :
_bচিত্রাবলী,
_c২১ সেমি.
504 _aIncludes Bibliography
650 _aStock exchanges
650 _aPortfolio management
650 _aInvestment analysis
942 _2ddc
_cBK